000 00715cem a22001935a 4500
001 L140316
008 070917s1961 xxk a 0 feng u
035 _a(Sirsi) u140316
041 0 _aeng
110 2 _aRoyal Geographical Society
_92520
245 _aEarly maps of the British Isles A.D. 1000-A.D. 1579
_h[cartographic material]
255 _aScales differ
260 _aLondon
_bRoyal Geographical Society
_c1961
300 _a20 maps on 14 sheets
_bin folder
_c32 x 47 cm. or smaller
500 _aItem consists of reproductions of 20 maps of the British Isles.
651 4 _aGreat Britain
_y1707-
690 _aENVIRONMENTAL AND LAND CONSULTANCY-GEOMATICS-MAPPING AND POSITIONING-CARTOGRAPHY
942 _n0
999 _c116830
_d116830